| 000 | 005090000a22001690004500 | ||
|---|---|---|---|
| 003 | MACL | ||
| 005 | 20160225114025.0 | ||
| 008 | 160225b xxu||||| |||| 00| 0 eng d | ||
| 040 |
_aMACL _cMACL |
||
| 041 | _aHindi | ||
| 082 | _a636 | ||
| 100 |
_aय.म. पारनेरकर _940246 |
||
| 245 | _aघर घर में गाय | ||
| 260 |
_bअ.भा. सर्व सेवा संघ प्रकाशन _c1949 _aकाशी |
||
| 650 |
_aAnimal Husbandry _96700 |
||
| 942 |
_cHIN _k636 _2ddc |
||
| 999 |
_c25610 _d25610 |
||